000
00273nam a2200121 a 4500
008
100910s1987|||| d
100
1
_a
Dumbadze, Nodar
245
1
0
_a
Ľudský hlas
260
_b
Pravda
_a
Bratislava
_c
1987
020
_c
25
044
_a
xo
_c
SK
041
_a
slo
999
_c
10262
_d
10262